Personal graphics for profit and pleasure on the Apple? II Plus computer / (Record no. 179725)

000 -LEADER
fixed length control field 01109 a2200241 4500
003 - CONTROL NUMBER IDENTIFIER
control field Nust
005 - DATE AND TIME OF LATEST TRANSACTION
control field 20221028142708.0
010 ## - LIBRARY OF CONGRESS CONTROL NUMBER
LC control number 82013000
020 ## - INTERNATIONAL STANDARD BOOK NUMBER
International Standard Book Number 0316081647 (pbk.)
040 ## - CATALOGING SOURCE
Transcribing agency Nust
082 00 - DEWEY DECIMAL CLASSIFICATION NUMBER
Classification number 006.6,BAR
100 1# - MAIN ENTRY--PERSONAL NAME
Personal name Barnett, Michael P.
9 (RLIN) 101638
245 10 - TITLE STATEMENT
Title Personal graphics for profit and pleasure on the Apple? II Plus computer /
Statement of responsibility, etc. Michael P. Barnett, Graham K. Barnett.
260 ## - PUBLICATION, DISTRIBUTION, ETC.
Place of publication, distribution, etc. Boston :
Name of publisher, distributor, etc. Little, Brown,
Date of publication, distribution, etc. c1983.
300 ## - PHYSICAL DESCRIPTION
Extent xiii, 192 p. :
Other physical details ill. ;
Dimensions 28 cm.
440 #0 - SERIES STATEMENT/ADDED ENTRY--TITLE
Title Little, Brown computer systems series
9 (RLIN) 101639
440 #0 - SERIES STATEMENT/ADDED ENTRY--TITLE
Title Little, Brown microcomputer bookshelf
9 (RLIN) 101640
505 ## - FORMATTED CONTENTS NOTE
Formatted contents note What is in this Book for You? (page-1), Drawing Some Friends and Foes (page-7), Building Blocks and Shape Tables (page-27), Going Around in Circles (page-57), A Little Plotting and Scheming (page-75), A Medley of motley Curves (page-111), Some Further Directions (Page-163), A Short Account of Apple soft (page-173).
650 #0 - SUBJECT ADDED ENTRY--TOPICAL TERM
Topical term or geographic name entry element Apple II Plus (Computer)
9 (RLIN) 101641
650 #0 - SUBJECT ADDED ENTRY--TOPICAL TERM
Topical term or geographic name entry element Computer graphics.
9 (RLIN) 1225
700 1# - ADDED ENTRY--PERSONAL NAME
Personal name Barnett, Graham K.
9 (RLIN) 101642
942 ## - ADDED ENTRY ELEMENTS (KOHA)
Source of classification or shelving scheme
Koha item type Book
Call number prefix 006.6,BAR
Holdings
Withdrawn status Lost status Source of classification or shelving scheme Damaged status Not for loan Permanent Location Current Location Shelving location Date acquired Full call number Barcode Date last seen Price effective from Koha item type Public note
          Military College of Signals (MCS) Military College of Signals (MCS) General Stacks 12/12/2016 006.6,BAR MCS3132 12/08/2016 12/12/2016 Book Bank Almirah No.135, Shelf No.5
© 2023 Central Library, National University of Sciences and Technology. All Rights Reserved.